Art Vocabulary Quiz Stats

Quiz not verified by Sporcle

Challenge
Share
Tweet
Embed
Score 0/12 Timer 04:00
0 Plays Today
% Correct
Black
86.5%
White
81.9%
Hue
66.1%
Still Life
66.1%
Salvador Dali
49%
Value
33.7%
Contour Drawing
28.8%
Red, Yellow, and Orange
28.2%
Blind Contour
22.5%
Yellow, Blue, and Red
22%
Shape and Structure
3.9%
Cross Contour
3.9%

You're not logged in!

Compare scores with friends on all Sporcle quizzes.
Join for Free
OR
Log In

You Might Also Like...

Show Comments

Extras

Created Dec 4, 2009ReportNominate
Tags:Art Quiz, Vocabulary Quiz

Top Quizzes Today


Score Distribution

Your Account Isn't Verified!

In order to create a playlist on Sporcle, you need to verify the email address you used during registration. Go to your Sporcle Settings to finish the process.

Report this User

Report this user for behavior that violates our Community Guidelines.

Details: